Математика 2.4 / ДО 2021: электронный курс
| Autor principal: | |
|---|---|
| Autor Corporativo: | |
| Resumo: | Заглавие с экрана Основной целью курса является развитие математической интуиции, воспитание математической культуры; формирование навыков, необходимых для использования знаний при изучении специальных дисциплин и дальнейшей практической деятельности; овладение необходимым математическим аппаратом, дающим возможность анализировать, моделировать и решать технические задачи; воспитание отношения к математике как к инструменту исследования и решения технических задач, необходимому в дальнейшей работе. Курс предназначен для студентов ЗФО 2 семестра бакалавриата, обучающиеся по экономическим специальностям. В курсе рассматриваются основные понятия и методы дифференциального исчисления функции нескольких переменных, числовых рядов и обыкновенных дифференциальных уравнений, элементов теории вероятностей и математической статистики. Особое внимание уделяется изучению числовых характеристик случайных величин Доступ по логину и паролю |
| Idioma: | russo |
| Publicado em: |
Томск, TPU Moodle, 2022
|
| Assuntos: | |
| Acesso em linha: | https://design.lms.tpu.ru/course/view.php?id=4265 |
| Formato: | MixedMaterials Recurso Electrónico Livro |
| KOHA link: | https://koha.lib.tpu.ru/cgi-bin/koha/opac-detail.pl?biblionumber=667737 |
MARC
| LEADER | 00000nlm0a2200000 4500 | ||
|---|---|---|---|
| 001 | 667737 | ||
| 005 | 20240206150038.0 | ||
| 035 | |a (RuTPU)RU\TPU\network\38948 | ||
| 035 | |a RU\TPU\network\37380 | ||
| 090 | |a 667737 | ||
| 100 | |a 20220415d2022 m y0rusy50 ca | ||
| 101 | 0 | |a rus | |
| 102 | |a RU | ||
| 105 | |a a j 000zy | ||
| 135 | |a jrcn ---uucaa | ||
| 181 | 0 | |a i | |
| 182 | 0 | |a b | |
| 200 | 1 | |a Математика 2.4 / ДО 2021 |e электронный курс |f О. Н. Имас |g Национальный исследовательский Томский политехнический университет, Школа базовой инженерной подготовки, Отделение математики и информатики | |
| 203 | |a Текст |c электронный | ||
| 210 | |a Томск |c TPU Moodle |d 2022 | ||
| 300 | |a Заглавие с экрана | ||
| 330 | |a Основной целью курса является развитие математической интуиции, воспитание математической культуры; формирование навыков, необходимых для использования знаний при изучении специальных дисциплин и дальнейшей практической деятельности; овладение необходимым математическим аппаратом, дающим возможность анализировать, моделировать и решать технические задачи; воспитание отношения к математике как к инструменту исследования и решения технических задач, необходимому в дальнейшей работе. Курс предназначен для студентов ЗФО 2 семестра бакалавриата, обучающиеся по экономическим специальностям. В курсе рассматриваются основные понятия и методы дифференциального исчисления функции нескольких переменных, числовых рядов и обыкновенных дифференциальных уравнений, элементов теории вероятностей и математической статистики. Особое внимание уделяется изучению числовых характеристик случайных величин | ||
| 333 | |a Доступ по логину и паролю | ||
| 606 | 1 | |a Математика |2 stltpush |3 (RuTPU)RU\TPU\subj\67327 |9 83171 | |
| 610 | 1 | |a электронный ресурс | |
| 610 | 1 | |a труды учёных ТПУ | |
| 610 | 1 | |a электронные учебные пособия | |
| 610 | 1 | |a учебные пособия | |
| 610 | 1 | |a Moodle | |
| 610 | 1 | |a e-learning | |
| 610 | 1 | |a дифференциальное исчисление | |
| 610 | 1 | |a функции нескольких переменных | |
| 610 | 1 | |a числовые ряды | |
| 610 | 1 | |a дифференциальные уравнения | |
| 610 | 1 | |a теория вероятностей | |
| 610 | 1 | |a математическая статистика | |
| 675 | |a 51(075.8) |v 4 | ||
| 700 | 1 | |a Имас |b О. Н. |c математик |c доцент Томского политехнического университета, кандидат физико-математических наук |f 1967- |g Ольга Николаевна |3 (RuTPU)RU\TPU\pers\29543 |9 14079 | |
| 712 | 0 | 2 | |a Национальный исследовательский Томский политехнический университет |b Школа базовой инженерной подготовки |b Отделение математики и информатики |3 (RuTPU)RU\TPU\col\23555 |
| 801 | 2 | |a RU |b 63413507 |c 20221228 |g RCR | |
| 856 | 4 | 0 | |u https://design.lms.tpu.ru/course/view.php?id=4265 |
| 942 | |c CF | ||